00777cam a22002534a 450000100060000000300080000600500170001400800450003102000180007602000150009403500140010904000180012304100080014108200190014910000170016824500420018524600440022725000120027126000600028330000300034350400640037360000490043765000370048625937BD-RjUL20211209050941.0140319s19961994 cau b 001 0 eng  a9780982367599 a0982367597 a(BD-RjUL) aDLCcDLCbeng aeng a934bSAA 19961 a Saha ,B. P.10aAncient history of India :cB.P. Saha30aLaw code of Manu (Manusmriti) revisited a2nd ed. anew delhi. :bvikas publishing ,c1994 [Reprinted 1996] a485 p. :c21 cm.bill . ; aIncludes bibliographical references (p. 338-343) and index.00c India -- History -- 324 B.C.-1000 A.D.  0a India -- History -- To 324 B.C.